[Event "13th Parsvnath Open"]
[Site "New Delhi IND"]
[Date "2015.01.09"]
[Round "1.1"]
[White "Krishna Teja, N"]
[Black "Gupta, Abhijeet"]
[Result "0-1"]
[BlackTitle "GM"]
[WhiteElo "2158"]
[BlackElo "2631"]
[WhiteFideId "5001498"]
[BlackFideId "5010608"]
[EventDate "2015.01.09"]

1. d4 Nf6 2. c4 g6 3. Nc3 d5 4. cxd5 Nxd5 5. e4 Nxc3 6. bxc3 Bg7 7. Be3 O-O 8.
Rc1 c5 9. Nf3 Qa5 10. Qd2 Rd8 11. d5 e6 12. c4 Qxd2+ 13. Nxd2 Na6 14. Be2 b6 15.
O-O Nb4 16. a3 Na2 17. Rc2 Nc3 18. Bd3 Ba6 19. Nb1 Na4 20. Be2 Bd4 21. Rd2 e5
22. Bd1 Nc3 23. Nxc3 Bxc3 24. Rc2 Bd4 25. Bg5 Rd6 26. Be7 Rd7 27. d6 Bb7 28. Bg4
Rxe7 29. dxe7 Bxe4 30. Bf3 Bxf3 31. gxf3 Re8 32. a4 Rxe7 33. Rb1 Re6 34. Rb5 Kg7
35. a5 Kh6 36. Kg2 Rd6 37. axb6 axb6 38. Rc1 f5 39. Rb3 e4 40. fxe4 fxe4 41.
Rh3+ Kg7 42. Rh4 e3 43. fxe3 Bxe3 44. Rb1 h5 45. Re4 Bd4 46. Re7+ Kh6 47. Rbe1
Rf6 48. Rf1 Rd6 49. Rff7 Bf6 50. Rd7 Re6 51. Kf3 g5 52. Rf8 Bd4 53. Rb8 g4+ 54.
Kg2 Kg5 55. Rd5+ Kh4 56. Rf8 Re1 57. Rf1 Re2+ 58. Kh1 Rc2 59. Rdf5 Rxc4 60. h3
Bf2 61. hxg4 hxg4 62. Rf7 g3 0-1

[Event "13th Parsvnath Open"]
[Site "New Delhi IND"]
[Date "2015.01.09"]
[Round "1.2"]
[White "Popov, Ivan RUS"]
[Black "Deshpande, Aniruddha"]
[Result "0-1"]
[WhiteTitle "GM"]
[WhiteElo "2622"]
[BlackElo "2157"]
[WhiteFideId "4170350"]
[BlackFideId "5021774"]
[EventDate "2015.01.09"]

1. e4 c5 2. Nc3 Nc6 3. Nge2 g6 4. d4 cxd4 5. Nxd4 Bg7 6. Be3 Nf6 7. Nxc6 bxc6 8.
e5 Nd5 9. Nxd5 cxd5 10. Qxd5 Rb8 11. O-O-O Bb7 12. Qc5 O-O 13. f4 d6 14. Qxa7
Qc8 15. Qd4 Qc7 16. c3 dxe5 17. Qb6 Qxb6 18. Bxb6 Bh6 19. Bc5 Be4 20. b4 Rfc8
21. Bd3 Bxf4+ 22. Kc2 Bxg2 23. Rhe1 Bc6 24. Bc4 Ba4+ 25. Bb3 Bxb3+ 26. axb3 Rb7
27. Ra1 Rcc7 28. h3 f5 29. c4 Kf7 30. Red1 e4 31. Ra8 Bh6 32. Rh8 Bg7 33. Rxh7
Kg8 34. Rh4 Bf6 35. Rd8+ Kf7 36. Rh7+ Ke6 37. Rh6 g5 38. Rf8 Ke5 39. Kc3 Rd7 40.
Rhxf6 exf6 41. Re8+ Kf4 42. b5 Kf3 43. b6 f4 44. Kb4 f5 45. Kb5 g4 46. h4 e3 47.
h5 g3 48. h6 g2 49. Rg8 Rb8 50. Rg6 Rh7 51. Bd6 Rxh6 52. Rxh6 Rg8 53. Rh4 g1=Q
54. Rxf4+ Ke2 55. c5 Qb1 56. b4 Qd3+ 57. Kc6 Qa6 58. b5 Qc8+ 59. Kd5 Rg6 0-1

[Event "13th Parsvnath Open"]
[Site "New Delhi IND"]
[Date "2015.01.09"]
[Round "1.3"]
[White "Dhar, Rajib"]
[Black "Demchenko, Anton"]
[Result "0-1"]
[BlackTitle "GM"]
[WhiteElo "2151"]
[BlackElo "2611"]
[WhiteFideId "5015596"]
[BlackFideId "4160258"]
[EventDate "2015.01.09"]

1. e4 e5 2. Nc3 Nf6 3. Bc4 Nc6 4. d3 Na5 5. Bb3 Bb4 6. Ne2 Nxb3 7. axb3 d5 8.
exd5 Nxd5 9. O-O O-O 10. Nxd5 Qxd5 11. Bd2 Bd6 12. Nc3 Qc6 13. Ra4 b5 14. Rh4
Bb7 15. f3 f5 16. Kh1 Rae8 17. Ne2 Be7 18. Rh5 Rd8 19. Bg5 Bxg5 20. Rxg5 h6 21.
Rh5 e4 22. d4 exf3 23. gxf3 Qe8 24. Rh3 Qe3 25. c3 c5 26. Kg2 Rfe8 27. Rf2 Rd6
28. Kf1 b4 29. Ng3 Ba6+ 30. Kg2 f4 31. Nf1 Rg6+ 0-1

[Event "13th Parsvnath Open"]
[Site "New Delhi IND"]
[Date "2015.01.09"]
[Round "1.4"]
[White "David, Alberto"]
[Black "Raja, Harshit"]
[Result "1-0"]
[WhiteTitle "GM"]
[WhiteElo "2572"]
[BlackElo "2144"]
[WhiteFideId "4000013"]
[BlackFideId "5089000"]
[EventDate "2015.01.09"]

1. e4 c5 2. Nf3 d6 3. Bb5+ Nd7 4. O-O a6 5. Bd3 Ngf6 6. Re1 g6 7. c3 Ne5 8. Be2
Bg7 9. d4 Nxf3+ 10. Bxf3 O-O 11. Na3 Be6 12. d5 Bc8 13. Bf4 Nd7 14. Nc2 Ne5 15.
Be2 f5 16. exf5 Bxf5 17. Ne3 Qd7 18. Bxe5 Bxe5 19. g4 Be4 20. f3 Bxd5 21. Nxd5
e6 22. f4 1-0

[Event "13th Parsvnath Open"]
[Site "New Delhi IND"]
[Date "2015.01.09"]
[Round "1.6"]
[White "Brunello, Sabino"]
[Black "Iniyan, P"]
[Result "1-0"]
[WhiteTitle "GM"]
[WhiteElo "2552"]
[BlackElo "2131"]
[WhiteFideId "813613"]
[BlackFideId "25002767"]
[EventDate "2015.01.09"]

1. d4 Nf6 2. c4 g6 3. Nc3 Bg7 4. e4 d6 5. Be2 O-O 6. Bg5 c5 7. d5 Na6 8. Nf3 Nc7
9. O-O a6 10. a4 Rb8 11. h3 Bd7 12. e5 Nfe8 13. exd6 Nxd6 14. a5 b5 15. axb6
Rxb6 16. Qc1 Nf5 17. Bd3 h6 18. Bd2 g5 19. Re1 Qb8 20. Ne5 Qc8 21. Nxd7 Qxd7 22.
Na4 Rbb8 23. Nxc5 Qd6 24. Ne4 Qd8 25. Bc3 Nd4 26. Qd1 f5 27. Ng3 Qd6 28. Bb1 e5
29. Bxd4 exd4 30. Nxf5 Rxf5 31. Bxf5 Rf8 32. Bd3 Qf4 33. Qe2 Kh8 34. b4 Ne8 35.
Rxa6 Nf6 36. g3 Qb8 37. b5 Qc7 38. Kg2 Qf7 39. Re6 h5 40. Re7 Qg8 41. b6 g4 42.
h4 Rb8 43. b7 Qf8 44. d6 Ng8 45. Qe4 Nf6 46. Qg6 Qg8 47. R1e6 Qf8 48. Rxf6 1-0

[Event "13th Parsvnath Open"]
[Site "New Delhi IND"]
[Date "2015.01.09"]
[Round "1.7"]
[White "Vasli, Aref"]
[Black "Cruz, Cristhian"]
[Result "0-1"]
[BlackTitle "GM"]
[WhiteElo "2125"]
[BlackElo "2546"]
[WhiteFideId "417521"]
[BlackFideId "3801969"]
[EventDate "2015.01.09"]

1. d4 Nf6 2. Nf3 e6 3. Bf4 c5 4. e3 b6 5. Nbd2 Be7 6. h3 O-O 7. Bd3 Ba6 8. Bxa6
Nxa6 9. c3 Qc8 10. O-O Qb7 11. Qe2 Rac8 12. a4 Nc7 13. Rfd1 Rfd8 14. a5 cxd4 15.
exd4 b5 16. Qd3 d6 17. Re1 Ncd5 18. Bh2 a6 19. g4 Qd7 20. Bg3 Rc6 21. Ng5 Rdc8
22. Nge4 Nxe4 23. Qxe4 Bf6 24. h4 Qd8 25. h5 Bh4 26. Bh2 Qg5 27. Nf3 Qf6 28. Re2
Bg5 29. Kg2 b4 30. c4 Rxc4 31. Bxd6 Bf4 32. Ne5 Qg5 33. Qf3 Rxd4 34. Qe4 0-1

[Event "13th Parsvnath Open"]
[Site "New Delhi IND"]
[Date "2015.01.09"]
[Round "1.8"]
[White "Baryshpolets, Andrey"]
[Black "Yohan, J."]
[Result "1-0"]
[WhiteTitle "GM"]
[WhiteElo "2541"]
[BlackElo "2124"]
[WhiteFideId "14117207"]
[BlackFideId "5058589"]
[EventDate "2015.01.09"]

1. d4 f5 2. g3 Nf6 3. Bg2 e6 4. c4 d6 5. Nc3 Be7 6. e4 e5 7. dxe5 dxe5 8. Qxd8+
Bxd8 9. exf5 Na6 10. Nf3 Nb4 11. O-O Bxf5 12. Bd2 c6 13. Nxe5 O-O 14. Ne2 Nc2
15. Rac1 Re8 16. Bc3 Bc7 17. g4 Bxe5 18. gxf5 Bxc3 19. Rxc2 Ba5 20. Rb1 Rad8 21.
b4 Bc7 22. b5 cxb5 23. cxb5 Bb6 24. Bxb7 Ng4 25. Ng3 Nxf2 26. Rxf2 Rd2 27. Rf1
Rxf2 28. Rxf2 Re1+ 29. Kg2 Bxf2 30. Kxf2 Rb1 31. Bd5+ Kf8 32. Bb3 Rb2+ 33. Ne2
Ke7 34. Kf3 Kf6 35. h4 Rd2 36. Ng3 Rd3+ 37. Kf4 Rd4+ 38. Ne4+ Ke7 39. Ke5 Rb4
40. Nd6 Rxh4 41. Nc8+ Kd7 42. Nxa7 Kc7 43. Nc6 Rh3 44. Nd4 Kb6 45. a4 h5 46. Bc2
Re3+ 47. Kf4 Rc3 48. Be4 h4 49. Nf3 h3 50. Kg3 Ra3 51. Kxh3 Rxa4 52. Bc6 Rf4 53.
Nh4 Kc7 54. Kg3 Rb4 55. Ng6 Kd6 56. Kf3 Rb1 57. Ke3 Re1+ 58. Kd2 Rf1 59. Be4 Kc5
60. Bd3 Rg1 61. Nf4 Rg3 62. Ne6+ Kb6 63. Be2 Rg2 64. Ke3 Rg1 65. Kf2 Rh1 66.
Nxg7 Rh2+ 67. Ke3 Kc5 68. Ne6+ Kd6 69. Bd3 Ke5 70. Ng5 Rh5 71. Nf3+ Kd5 72. Kf4
Rh6 73. Be4+ Kc5 1-0

[Event "13th Parsvnath Open"]
[Site "New Delhi IND"]
[Date "2015.01.09"]
[Round "1.9"]
[White "Rakesh, Kumar Jena"]
[Black "Evdokimov, Alexander A."]
[Result "0-1"]
[WhiteTitle "FM"]
[BlackTitle "GM"]
[WhiteElo "2123"]
[BlackElo "2538"]
[WhiteFideId "5084822"]
[BlackFideId "4139275"]
[EventDate "2015.01.09"]

1. e4 c5 2. Nf3 Nc6 3. Bb5 g6 4. O-O Bg7 5. Nc3 e5 6. d3 Nge7 7. Bc4 O-O 8. Ng5
h6 9. Nxf7 Rxf7 10. Bxf7+ Kxf7 11. f4 exf4 12. Bxf4 Kg8 13. Bd6 b6 14. Qf3 Bb7
15. Nd5 Nxd5 16. exd5 Nd4 17. Qf7+ Kh8 18. Qxg6 Bxd5 19. c3 Qg8 20. Kh1 Nc2 21.
Rac1 Ne3 22. Rf2 Re8 23. Bf4 Nxg2 24. Rxg2 Re2 25. Rg1 Bxg2+ 26. Rxg2 Re1+ 27.
Rg1 Rxg1+ 28. Qxg1 Qd5+ 29. Qg2 Qxd3 30. h3 d5 31. Kh2 Kh7 32. Qg3 Qb1 33. Qg2
Qxa2 34. Qc2+ Kh8 35. Qd2 Kh7 36. Qc2+ Kh8 37. Qd2 Qc4 38. Bxh6 Be5+ 39. Kg1 Qe4
40. Qe3 Qxe3+ 41. Bxe3 a5 42. Kf2 Kg7 43. Ke2 Kg6 44. Kd3 a4 45. Kc2 Kh5 46. Bf2
Kg5 47. Kb1 Kf4 48. Kc2 Kf3 49. Bh4 Ke2 0-1

[Event "13th Parsvnath Open"]
[Site "New Delhi IND"]
[Date "2015.01.09"]
[Round "1.10"]
[White "Grover, Sahaj"]
[Black "Niraj, Saripalli"]
[Result "1-0"]
[WhiteTitle "GM"]
[WhiteElo "2528"]
[BlackElo "2121"]
[WhiteFideId "5021103"]
[BlackFideId "5045657"]
[EventDate "2015.01.09"]

1. e4 e5 2. Nf3 Nc6 3. Bb5 a6 4. Ba4 Nf6 5. O-O Be7 6. d3 b5 7. Bb3 O-O 8. Nc3
d6 9. a3 Bg4 10. Be3 Nd4 11. Bxd4 exd4 12. Ne2 c5 13. Nf4 g5 14. Ne2 Nh5 15. Nd2
Kh8 16. h3 Bxe2 17. Qxe2 Nf4 18. Qg4 f5 19. exf5 h5 20. Qf3 Rxf5 21. Be6 Rf8 22.
Bd5 Ra7 23. a4 g4 24. hxg4 Bg5 25. gxh5 Nxd5 26. Qxd5 Bxd2 27. axb5 a5 28. Rad1
Bf4 29. Rde1 Qh4 30. g3 Rg7 31. Re6 Rfg8 32. Rg6 Rxg6 33. hxg6 Rxg6 34. Re1 Bxg3
35. Re8+ Kh7 36. Qf7+ Rg7 37. Qf5+ Rg6 38. fxg3 Qxg3+ 39. Kf1 Qg2+ 40. Ke1 Qh1+
41. Kd2 Qh6+ 42. Kd1 Qh1+ 43. Re1 Qg2 44. b6 Kh6 45. Qf4+ Kh5 46. Re2 Qg1+ 47.
Kd2 Rg4 48. Rh2+ 1-0

[Event "13th Parsvnath Open"]
[Site "New Delhi IND"]
[Date "2015.01.09"]
[Round "1.11"]
[White "Gandhi, Anish"]
[Black "Gasanov, Eldar"]
[Result "0-1"]
[BlackTitle "GM"]
[WhiteElo "2118"]
[BlackElo "2520"]
[WhiteFideId "5061032"]
[BlackFideId "14104466"]
[EventDate "2015.01.09"]

1. d4 f5 2. c4 Nf6 3. g3 e6 4. Bg2 c6 5. Nf3 d5 6. O-O Bd6 7. b3 Qe7 8. Qc2 O-O
9. Bb2 b6 10. Nbd2 a5 11. Ne5 Bb7 12. f3 c5 13. cxd5 exd5 14. f4 Na6 15. Rad1
Ne4 0-1

[Event "13th Parsvnath Open"]
[Site "New Delhi IND"]
[Date "2015.01.09"]
[Round "1.12"]
[White "Nguyen, Duc Hoa"]
[Black "Mahalakshmi, M"]
[Result "1-0"]
[WhiteTitle "GM"]
[BlackTitle "WFM"]
[WhiteElo "2518"]
[BlackElo "2116"]
[WhiteFideId "12401358"]
[BlackFideId "5001080"]
[EventDate "2015.01.09"]

1. e4 c6 2. d4 d5 3. e5 Bf5 4. Nf3 e6 5. Be2 h6 6. Be3 Ne7 7. Nbd2 Nd7 8. O-O
Bh7 9. c4 dxc4 10. Nxc4 Nd5 11. Nfd2 b5 12. Na3 Bxa3 13. bxa3 Nc3 14. Qe1 Qe7
15. Bf3 Bd3 16. Qc1 Bxf1 17. Qxc3 Bc4 18. Bxc6 Rb8 19. Ne4 O-O 20. Bxd7 Qxd7 21.
Nf6+ gxf6 22. Bxh6 Kh7 23. Qh3 Kg6 24. Be3 fxe5 25. Qh6+ Kf5 26. Qh5+ Ke4 27.
Qf3+ Kd3 28. Rd1+ Kc2 29. Rd2+ 1-0

[Event "13th Parsvnath Open"]
[Site "New Delhi IND"]
[Date "2015.01.09"]
[Round "1.13"]
[White "Pranavananda, V"]
[Black "Dzhumaev, Marat"]
[Result "0-1"]
[BlackTitle "GM"]
[WhiteElo "2115"]
[BlackElo "2515"]
[WhiteFideId "5073588"]
[BlackFideId "14200236"]
[EventDate "2015.01.09"]

1. e4 g6 2. d4 d6 3. Nc3 c6 4. Bc4 Bg7 5. Qf3 e6 6. Be3 Nd7 7. Bb3 Ngf6 8. Nge2
O-O 9. g4 d5 10. g5 Nxe4 11. Nxe4 dxe4 12. Qxe4 c5 13. h4 cxd4 14. Bxd4 e5 15.
Be3 Qa5+ 16. Nc3 Nc5 17. Bxc5 Qxc5 18. Qd5 Qb6 19. O-O-O Bg4 20. f3 Qe3+ 21. Qd2
Qxd2+ 22. Rxd2 Bxf3 23. Re1 Rad8 24. Bxf7+ Kxf7 25. Rxd8 Rxd8 26. Rf1 Ke6 27.
Rxf3 Rd4 28. Rh3 Bf8 29. Nb5 Rg4 30. Nc7+ Kf5 31. Nd5 Rg1+ 32. Kd2 e4 33. Rb3 b6
34. Nf6 Bc5 35. Nxh7 Rh1 36. Nf6 Rxh4 37. Nd7 Rh2+ 38. Kd1 Kxg5 39. Nxc5 bxc5
40. Rg3+ Kf4 41. Rc3 0-1

[Event "13th Parsvnath Open"]
[Site "New Delhi IND"]
[Date "2015.01.09"]
[Round "1.14"]
[White "Rombaldoni, Axel"]
[Black "Saranya, J"]
[Result "1-0"]
[WhiteTitle "GM"]
[BlackTitle "WFM"]
[WhiteElo "2509"]
[BlackElo "2111"]
[WhiteFideId "815837"]
[BlackFideId "5031931"]
[EventDate "2015.01.09"]

1. d4 Nf6 2. Bg5 d5 3. e3 e6 4. Nd2 Be7 5. Bd3 Nbd7 6. f4 c5 7. c3 a6 8. a4 O-O
9. Ngf3 h6 10. Bh4 Ng4 11. Bxe7 Qxe7 12. Qe2 f5 13. Ne5 Ngxe5 14. fxe5 Rb8 15.
O-O c4 16. Bc2 b5 17. axb5 axb5 18. b4 Nb6 19. Kh1 Qg5 20. g4 Bd7 21. gxf5 exf5
22. Rg1 Qe7 23. Qh5 Kh8 24. Nf3 Na4 25. Rg6 Rb6 26. Rxb6 Nxb6 27. Nh4 Qf7 28.
Qxf7 Rxf7 29. Ra6 Na4 30. e6 Bxe6 31. Rxe6 g5 32. Nxf5 1-0

[Event "13th Parsvnath Open"]
[Site "New Delhi IND"]
[Date "2015.01.09"]
[Round "1.15"]
[White "Senthil, Maran K"]
[Black "Rahman, Ziaur"]
[Result "0-1"]
[BlackTitle "GM"]
[WhiteElo "2104"]
[BlackElo "2507"]
[WhiteFideId "25035681"]
[BlackFideId "10200037"]
[EventDate "2015.01.09"]

1. d4 e6 2. g3 c5 3. Nf3 b5 4. Nc3 b4 5. Ne4 cxd4 6. Bg2 d5 7. Nxd4 Bb7 8. Ng5
Nf6 9. Bf4 Bc5 10. Ngxe6 fxe6 11. Nxe6 Qb6 12. Nc7+ Kf7 13. O-O Nbd7 14. Nxa8
Bxa8 15. a3 Re8 16. axb4 Qxb4 17. b3 Bb6 18. Ra4 Qe7 19. Bf3 Nc5 20. Ra2 Nce4
21. Qd3 d4 22. Ra6 Nc3 23. Qc4+ Bd5 24. Bxd5+ Nfxd5 25. e3 Qe6 26. Kg2 Rc8 27.
Qxd4 Qc6 28. e4 Nxf4+ 0-1

[Event "13th Parsvnath Open"]
[Site "New Delhi IND"]
[Date "2015.01.09"]
[Round "1.16"]
[White "Debashis, Das"]
[Black "Vaishali, R"]
[Result "1-0"]
[WhiteTitle "GM"]
[BlackTitle "WFM"]
[WhiteElo "2503"]
[BlackElo "2100"]
[WhiteFideId "5024854"]
[BlackFideId "5091756"]
[EventDate "2015.01.09"]

1. d4 Nf6 2. Nf3 e6 3. c4 d5 4. Nc3 Be7 5. Bg5 O-O 6. e3 h6 7. Bxf6 Bxf6 8. Rc1
c6 9. Bd3 Nd7 10. cxd5 exd5 11. b4 Re8 12. b5 Nb6 13. bxc6 bxc6 14. h3 Be7 15.
O-O Bd6 16. Re1 Rb8 17. Qc2 Rb7 18. Rb1 c5 19. dxc5 Bxc5 20. Red1 Bf8 21. Nb5
Bd7 22. Bh7+ Kh8 23. Bf5 Bxb5 24. Rxb5 Rc7 25. Qd2 Qf6 26. Bg4 Qc3 27. Qxc3 Rxc3
28. Ra5 Ra3 29. Rxa3 Bxa3 30. Nd4 Re7 31. Nb5 Bb2 32. Bf3 Rd7 33. Rd2 Be5 34. g4
g6 35. Rd3 a6 36. Nd4 Rc7 37. Ra3 Ra7 38. Nc6 Nc4 39. Rd3 Rd7 40. Bxd5 Rd6 41.
Bxc4 Rxc6 42. Bxf7 g5 43. Rd8+ Kg7 44. Bb3 a5 45. Kg2 Rc7 46. Rg8+ Kh7 47. Re8
Bd6 48. Re6 Bc5 49. Bd5 Bf8 50. Ra6 Rc5 51. Ra7+ Kh8 52. Bb3 Re5 53. Rf7 Bg7 54.
Kf3 Re8 55. Ra7 Bc3 56. Ra6 Rf8+ 57. Ke2 Kg7 58. Ra7+ Kh8 59. Bc2 Rf6 60. Bf5
Rd6 61. Rh7+ Kg8 62. Rc7 Bb4 63. Bd3 a4 64. e4 Rd8 65. Bc4+ Kh8 66. Bd5 Bd6 67.
Rc6 a3 68. Kd3 Kg7 69. Kd4 Bb8 70. Ra6 Rf8 71. Ke3 Bh2 72. Ra7+ Kg6 73. Ra6+ Rf6
74. Rxa3 Bg1 75. e5 Rxf2 76. Kd3 Rh2 77. Ra6+ Kg7 78. Ke4 Rd2 79. Rd6 Re2+ 80.
Kf5 Rf2+ 81. Ke6 Bh2 82. Rd7+ Kf8 83. Bc4 Rc2 84. Bb3 Re2 85. Rf7+ Ke8 86. Rf5
Bg1 87. Kd5 Rd2+ 88. Kc6 Bh2 89. e6 Rd6+ 90. Kb7 Rd4 91. Rf7 Rb4+ 92. Kc6 Bf4
93. Rh7 Bg3 94. Rxh6 Ke7 95. Rh7+ Ke8 96. Kc5 Re4 97. Bd5 Bf2+ 98. Kb5 Re5 99.
Kc4 Kd8 100. a4 1-0

[Event "13th Parsvnath Open"]
[Site "New Delhi IND"]
[Date "2015.01.09"]
[Round "1.17"]
[White "Joshi, Govind Ballabh"]
[Black "Neverov, Valeriy"]
[Result "1/2-1/2"]
[BlackTitle "GM"]
[WhiteElo "2100"]
[BlackElo "2501"]
[WhiteFideId "5000262"]
[BlackFideId "14100150"]
[EventDate "2015.01.09"]

1. c4 f5 2. Nf3 Nf6 3. g3 g6 4. Bg2 Bg7 5. O-O O-O 6. Nc3 d6 7. d4 Qe8 8. d5 Na6
9. Nd4 Bd7 10. Re1 c6 11. e4 fxe4 12. Nxe4 Nxe4 13. Rxe4 Nc5 14. Re2 Bg4 15. f3
Bd7 16. Bg5 Rf7 17. Qd2 cxd5 1/2-1/2

[Event "13th Parsvnath Open"]
[Site "New Delhi IND"]
[Date "2015.01.09"]
[Round "1.18"]
[White "Shyam, Sundar M."]
[Black "Srinath, Rao S.V."]
[Result "1-0"]
[WhiteTitle "GM"]
[WhiteElo "2489"]
[BlackElo "2095"]
[WhiteFideId "5019141"]
[BlackFideId "5028876"]
[EventDate "2015.01.09"]

1. e4 e6 2. d4 d5 3. Nd2 c5 4. exd5 Qxd5 5. dxc5 Bxc5 6. Ngf3 Nd7 7. Bc4 Qc6 8.
Qe2 Ngf6 9. Nb3 Bb6 10. a4 a6 1-0

[Event "13th Parsvnath Open"]
[Site "New Delhi IND"]
[Date "2015.01.09"]
[Round "1.19"]
[White "Choudhary, Jitendra Kumar"]
[Black "Kunte, Abhijit"]
[Result "0-1"]
[BlackTitle "GM"]
[WhiteElo "2093"]
[BlackElo "2486"]
[WhiteFideId "5003024"]
[BlackFideId "5002265"]
[EventDate "2015.01.09"]

1. e4 c5 2. Nf3 e6 3. d4 cxd4 4. Nxd4 a6 5. g3 Nf6 6. Bg2 Qc7 7. O-O d6 8. Re1
Be7 9. Nc3 O-O 10. a4 Nc6 11. Nxc6 bxc6 12. a5 Rb8 13. b3 Nd7 14. Be3 c5 15. Ra4
Bb7 16. Qd2 Bc6 17. Ra2 Rfd8 18. Bf4 Ba8 19. Qe2 Bb7 20. Bd2 Rdc8 21. Na4 Bf6
22. Bc3 Bc6 23. Bxf6 Nxf6 24. Nb6 Re8 25. e5 Bxg2 26. exf6 Bb7 27. Qg4 g6 28. f3
Qc6 29. Re3 h6 30. Qa4 Qxa4 31. Rxa4 Bc6 32. Ra1 e5 33. Nc4 Re6 34. Rd1 Rd8 35.
Rxe5 Rxf6 36. f4 Rd7 37. Re3 Kf8 38. Rde1 Rc7 39. Nb6 g5 40. fxg5 hxg5 41. c4
Rh6 42. g4 Rf6 43. Rf1 Kg7 44. Rxf6 Kxf6 45. Kf2 Re7 46. Rxe7 Kxe7 47. Ke3 Ke6
48. Ke2 Be4 49. Ke3 Bc2 50. Nd5 Bxb3 51. Kd3 Bd1 52. Nc7+ Kd7 53. Nd5 Bf3 54.
Ne3 Ke6 55. Kd2 Ke5 56. Kd3 Kf4 57. h3 Be4+ 58. Ke2 Kg3 59. Nf1+ Kxh3 60. Ke3
Bg2 61. Nd2 Kxg4 62. Nb1 f5 63. Nc3 f4+ 64. Kf2 Bc6 65. Ne2 Kf5 66. Nc3 g4 0-1

[Event "13th Parsvnath Open"]
[Site "New Delhi IND"]
[Date "2015.01.09"]
[Round "1.20"]
[White "Deepan, Chakkravarthy J."]
[Black "Rahul, Srivatshav P"]
[Result "1-0"]
[WhiteTitle "GM"]
[WhiteElo "2484"]
[BlackElo "2093"]
[WhiteFideId "5011132"]
[BlackFideId "25059653"]
[EventDate "2015.01.09"]

1. d4 Nf6 2. Nf3 g6 3. Nbd2 Bg7 4. e4 d6 5. Bd3 O-O 6. O-O Nc6 7. d5 Nb4 8. Be2
a5 9. Re1 Nd7 10. Bf1 c6 11. c3 Na6 12. a4 Ndc5 13. Nd4 e5 14. dxe6 Nxe6 15.
N2f3 Qc7 16. Be3 Nac5 17. Qc2 Bd7 18. Rad1 Rad8 19. b4 Na6 20. Rb1 Rfe8 21. Nxe6
Bxe6 22. Bxa6 bxa6 23. bxa5 c5 24. Rb6 Bd7 25. Bg5 Rb8 26. Reb1 Bc6 27. Nd2 Ra8
28. Bf4 Qd7 29. Qd3 d5 30. exd5 Qxd5 31. Qxd5 Bxd5 32. Rc1 h6 33. c4 Be6 34. Be3
Bd7 35. Bxc5 Bxa4 36. Be3 Rad8 37. c5 Bb5 38. h4 Bb2 39. Rc2 Be5 40. Rb7 Kg7 41.
c6 Rc8 42. c7 Re7 43. Bb6 Bd6 44. Nf3 Bd3 45. Rc1 Be4 46. Ra7 Kf8 47. Rd1 Bxc7
48. Rc1 1-0

[Event "13th Parsvnath Open"]
[Site "New Delhi IND"]
[Date "2015.01.09"]
[Round "1.21"]
[White "Sudarshan, Malga"]
[Black "Narayanan, Srinath"]
[Result "0-1"]
[BlackTitle "IM"]
[WhiteElo "2089"]
[BlackElo "2477"]
[WhiteFideId "5028736"]
[BlackFideId "5018420"]
[EventDate "2015.01.09"]

1. e4 e6 2. Nf3 d5 3. exd5 exd5 4. g3 Nf6 5. d4 a6 6. Bg2 Bd6 7. Nc3 Be6 8. Bd2
O-O 9. O-O Nc6 10. a3 Re8 11. Re1 Bg4 12. Rxe8+ Qxe8 13. Qc1 Bxf3 14. Bxf3 0-1

[Event "13th Parsvnath Open"]
[Site "New Delhi IND"]
[Date "2015.01.09"]
[Round "1.22"]
[White "Thejkumar, M. S."]
[Black "Bhambure, Shantanu"]
[Result "1-0"]
[WhiteTitle "IM"]
[WhiteElo "2459"]
[BlackElo "2087"]
[WhiteFideId "5009154"]
[BlackFideId "5025931"]
[EventDate "2015.01.09"]

1. d4 d5 2. c4 c6 3. Nc3 Nf6 4. e3 e6 5. Nf3 Nbd7 6. Qc2 Bd6 7. e4 dxe4 8. Nxe4
Nxe4 9. Qxe4 Nf6 10. Qh4 Bb4+ 11. Bd2 Qa5 12. Bd3 O-O 13. O-O-O Bxd2+ 14. Nxd2
Qh5 15. Qxh5 Nxh5 16. Ne4 Rd8 17. Be2 Nf4 18. Bf3 f5 19. Nc3 e5 20. dxe5 Be6 21.
Ne2 Ng6 22. b3 Nxe5 23. Nd4 Bd7 24. Rd2 Nxf3 25. Nxf3 Be8 26. Re1 Rxd2 27. Kxd2
Rd8+ 28. Kc3 Bd7 29. Ne5 Bc8 30. f4 Kf8 31. b4 Re8 32. a4 Be6 33. a5 a6 34. Kd4
Ke7 35. Kc5 Kd8 36. Kb6 Re7 37. Nd3 Bxc4 38. Rxe7 Kxe7 39. Nc5 Bb5 40. Kxb7 Kd6
41. Nxa6 Bxa6+ 42. Kxa6 Kc7 43. b5 1-0

[Event "13th Parsvnath Open"]
[Site "New Delhi IND"]
[Date "2015.01.09"]
[Round "1.23"]
[White "Snehal, Bhosale"]
[Black "Shyam, Nikil P."]
[Result "1/2-1/2"]
[BlackTitle "IM"]
[WhiteElo "2087"]
[BlackElo "2455"]
[WhiteFideId "5021995"]
[BlackFideId "5024218"]
[EventDate "2015.01.09"]

1. c4 g6 2. Nc3 c5 3. Nf3 Bg7 4. g3 e5 5. Bg2 Ne7 6. O-O O-O 7. d3 d6 8. Rb1
Nbc6 9. Bd2 Rb8 10. a3 a6 11. b4 cxb4 12. axb4 b5 13. cxb5 axb5 14. Qc1 Be6 15.
Bh6 f6 16. Bxg7 Kxg7 17. Qb2 Qb6 18. Ra1 Ra8 19. Ra3 Rxa3 20. Qxa3 Rc8 21. Ra1
Nf5 22. Bh3 Qb7 23. Bg2 Qb6 24. Bh3 Qb7 25. Bg2 Qb8 26. e3 Rc7 27. Qb2 Qb6 28.
Bh3 Qb8 29. Nd2 Nce7 30. Nde4 Qb6 31. Bg2 Nd5 32. Nxd5 Bxd5 33. Nxf6 Kxf6 34.
Bxd5 Ra7 35. Rxa7 Qxa7 36. Qc3 Ne7 37. Bg2 Qa4 38. h3 g5 39. d4 Qd1+ 40. Kh2
exd4 41. exd4 Nf5 42. d5+ Qd4 43. Qxd4+ Nxd4 44. Be4 h5 45. Kg2 Ke5 46. f3 g4
47. hxg4 hxg4 48. Kf2 gxf3 49. Bxf3 Nc2 50. Be2 Nxb4 51. Bxb5 Nxd5 52. Kf3 1/2-1/2

[Event "13th Parsvnath Open"]
[Site "New Delhi IND"]
[Date "2015.01.09"]
[Round "1.24"]
[White "Cruz, Jonathan"]
[Black "Praggnanandhaa, R"]
[Result "1-0"]
[WhiteTitle "IM"]
[BlackTitle "FM"]
[WhiteElo "2454"]
[BlackElo "2084"]
[WhiteFideId "3802124"]
[BlackFideId "25059530"]
[EventDate "2015.01.09"]

1. d4 d5 2. Nf3 Nf6 3. c4 e6 4. e3 Be7 5. Nc3 O-O 6. Bd3 b6 7. e4 dxe4 8. Nxe4
Bb7 9. Nxf6+ Bxf6 10. O-O Nd7 11. Bc2 Re8 12. Qe2 Bxf3 13. Qxf3 Bxd4 14. Bxh7+
Kxh7 15. Qd3+ Kg8 16. Qxd4 e5 17. Qg4 Nf6 18. Qf3 Qd4 19. Qb3 e4 20. Bf4 Qc5 21.
Qa4 Red8 22. h3 Rd3 23. Be3 Qe5 24. Qc6 Rad8 25. b3 Kh7 26. Rae1 Nh5 27. Qb5
Qxb5 28. cxb5 R8d7 29. Kh2 f5 30. Bg5 Kg6 31. h4 Nf6 32. f3 exf3 33. gxf3 Nd5
34. Re5 Nb4 35. Rg1 Nxa2 36. Bf4+ Kh7 37. Rg3 R3d5 38. Rg5 Rxe5 39. Bxe5 Nc1 40.
Rxf5 Nxb3 41. Rh5+ Kg8 42. Kg3 Nd4 43. Kf4 Rf7+ 44. Ke4 Nxb5 45. f4 a5 46. Rg5
a4 47. Kd5 Na7 48. Rg3 c6+ 49. Ke6 b5 50. h5 Kf8 51. Bd6+ Kg8 52. Be5 Kf8 53. h6
Re7+ 54. Kf5 gxh6 55. Bd6 Nc8 56. Bc5 Kf7 57. Rg6 Rb7 58. Rf6+ Kg7 59. Bf8+ Kg8
60. Ke6 b4 61. Bc5 b3 62. Rf8+ Kh7 63. Bd4 a3 64. Rxc8 b2 65. f5 Rg7 66. Rb8 h5
67. Bxg7 1-0